Graph theory. (Record no. 161390)
[ view plain ]
| 000 -LEADER | |
|---|---|
| fixed length control field | 00491nam a2200205Ia 4500 |
| 003 - CONTROL NUMBER IDENTIFIER | |
| control field | OSt |
| 005 - DATE AND TIME OF LATEST TRANSACTION | |
| control field | 20230608160336.0 |
| 008 - FIXED-LENGTH DATA ELEMENTS--GENERAL INFORMATION | |
| fixed length control field | 210423s2013 xx 000 0 und d |
| 020 ## - INTERNATIONAL STANDARD BOOK NUMBER | |
| International Standard Book Number | 9788185015552 |
| 040 ## - CATALOGING SOURCE | |
| Transcribing agency | AL |
| 041 ## - LANGUAGE CODE | |
| Language code of text/sound track or separate title | eng |
| 082 ## - DEWEY DECIMAL CLASSIFICATION NUMBER | |
| Classification number | 511.5 |
| Edition number | 23 |
| Item number | HARF |
| 100 ## - MAIN ENTRY--PERSONAL NAME | |
| Personal name | HARARY (Frank). |
| 9 (RLIN) | 95474 |
| 245 ## - TITLE STATEMENT | |
| Title | Graph theory. |
| 260 ## - PUBLICATION, DISTRIBUTION, ETC. | |
| Place of publication, distribution, etc. | New Delhi |
| Name of publisher, distributor, etc. | Narosa Publishing House |
| Date of publication, distribution, etc. | 2013 |
| 300 ## - PHYSICAL DESCRIPTION | |
| Extent | xi,286 |
| Other physical details | PB |
| 365 ## - TRADE PRICE | |
| Price amount | 185 |
| Currency code | INR |
| 906 ## - LOCAL DATA ELEMENT F, LDF (RLIN) | |
| a | Graph ; theory. |
| 942 ## - ADDED ENTRY ELEMENTS (KOHA) | |
| Source of classification or shelving scheme | Dewey Decimal Classification |
| Koha item type | Book |
| Withdrawn status | Lost status | Damaged status | Not for loan | Collection code | Home library | Current library | Date acquired | Source of acquisition | Cost, normal purchase price | Total Checkouts | Full call number | Barcode | Date last seen | Date last checked out | Price effective from | Koha item type |
|---|---|---|---|---|---|---|---|---|---|---|---|---|---|---|---|---|
| Mathematics | St Aloysius PG Library | St Aloysius PG Library | 08/12/2013 | Higginbothams Pvt Ltd | 185.00 | 1 | 511.5 HARF | PG007872 | 11/07/2022 | 10/28/2022 | 04/26/2021 | Book | ||||
| Mathematics | St Aloysius PG Library | St Aloysius PG Library | 08/12/2013 | Higginbothams Pvt Ltd | 185.00 | 1 | 511.5 HARF | PG007873 | 11/07/2022 | 10/29/2022 | 04/26/2021 | Book | ||||
| Mathematics | St Aloysius PG Library | St Aloysius PG Library | 08/12/2013 | Higginbothams Pvt Ltd | 185.00 | 1 | 511.5 HARF | PG007874 | 08/24/2022 | 11/26/2021 | 04/26/2021 | Book | ||||
| Mathematics | St Aloysius PG Library | St Aloysius PG Library | 08/12/2013 | Higginbothams Pvt Ltd | 185.00 | 1 | 511.5 HARF | PG007875 | 01/28/2023 | 01/17/2023 | 04/26/2021 | Book | ||||
| Mathematics | St Aloysius PG Library | St Aloysius PG Library | 08/12/2013 | Higginbothams Pvt Ltd | 185.00 | 511.5 HARF | PG007876 | 08/24/2022 | 04/26/2021 | Book |